A kandúr

Bibliographic Details
Main Author: Dénes, György, 1923-2007 (Author)
Format: Article
Language:Hungarian
Slovak
ISSN:1335-6534
Subjects:

MARC

LEADER 00000nab a2200000 a 4500
001 vtls000777730
003 SK-MaSNL
005 20260302152831.0
008 160314c2001 xo 0 hun
015 |a SNBRB2001/12-36242 
035 |a CLN000129512 
040 |a SNKBUCL  |b slo  |c SNKBUCL  |e AACR2 
041 0 |a slo 
044 |a xo  |c SK 
080 |a 894.511 (437.6)-1(087.5)=945.11  |2 UDC-MRF-SK2 
100 1 |a Dénes, György,  |d 1923-2007  |4 aut  |9 106980 
245 1 0 |a A kandúr  |c Dénes György 
650 0 7 |a naratívne básne, maďarské  |2 snkbucl  |9 71242 
773 0 |x 1335-6534  |t Remény  |g Roč. 12, č. 45 (2001), s. 9 
850 |a Slovenská národná knižnica v Martine 
852 |a SNK  |b KIS3GCP 
958 |a HU 
958 |a SK 
958 |a LX 
958 |a DB 
958 |a RBX 
999 |c 1363628  |d 1365558